Plánovací model virtuálneho podniku

Úlohou projektu virtuálneho podniku, ktorý bol pripravený v spolupráci so študentmi Fakulty riadenia a informatiky (FRI) Žilinskej univerzity bolo vytvoriť výučbový program schopný pútavým spôsobom oboznámiť študentov so systémom hromadnej výroby s dôrazom na výrobu v automobilovom priemysle a posky...

Descripción completa

Guardado en:
Detalles Bibliográficos
Autor principal: Dubovec, Juraj
Otros Autores: Kocifaj, Michal
Formato: Capítulo de libro
Lenguaje:eslovaco
Materias:
Etiquetas: Agregar Etiqueta
Sin Etiquetas, Sea el primero en etiquetar este registro!

MARC

LEADER 00000nla$a2200000$$$4500
001 0122858
005 20220711133853.2
041 0 |a slo 
044 |a SK 
245 1 0 |a Plánovací model virtuálneho podniku  |c Juraj Dubovec, Michal Kocifaj 
520 |a Úlohou projektu virtuálneho podniku, ktorý bol pripravený v spolupráci so študentmi Fakulty riadenia a informatiky (FRI) Žilinskej univerzity bolo vytvoriť výučbový program schopný pútavým spôsobom oboznámiť študentov so systémom hromadnej výroby s dôrazom na výrobu v automobilovom priemysle a poskytnúť im komplexný pohľad na previazanosť jednotlivých logistických činností. Projekt pomocou prezentácií a simulácií hravou formou napomáha zvyšovať schopnosť budúcej adaptácie študentov v podnikovom prostredí. 
610 2 0 |a podnik virtuálny 
610 2 0 |a plánovanie podnikové 
610 2 0 |a projekty 
610 2 0 |a školy vysoké 
100 1 |a Dubovec, Juraj 
700 1 |a Kocifaj, Michal